000 00682nam a22002777i 4500
001 3604
003 OSt
005 20170126082321.0
007 tu
008 161220s1997 xxu||||| |||| 00| 0 d
024 7 _a3603
_2RID
040 _cOSt
245 0 0 _aExamining Asias Tigers. Nine Economies Challenging Common Structural Problems. July 1997
260 _aTokyo,
_c1997.
300 _a97 S. ;
_c30cm.
490 _aIDE Spot Survey
651 _aTaiwan
651 _aHong Kong
651 _aSingapore
651 _aMalaysia
651 _aThailand
651 _aIndonesia
651 _aChina
651 _aPhilippines
110 2 _aInstitute of Developing Economies, Tokyo
_eEd.
942 _cB
999 _c3551
_d3551